| 000 | 00435nam a2200193Ia 4500 | ||
|---|---|---|---|
| 005 | 20250603150018.0 | ||
| 008 | 250603s9999 xx 000 0 und d | ||
| 020 | _a9780198094869 | ||
| 050 | _aTK 7874 .D37/ | ||
| 100 | _aDas, Debaprasad | ||
| 245 | 0 | _aVLSI design | |
| 250 | _a2nd ed. | ||
| 260 | _aNew Delhi | ||
| 260 | _bOxford University Press | ||
| 260 | _c2015 | ||
| 300 | _a626 p | ||
| 650 | _aNew Delhi | ||
| 942 | _cBK | ||
| 999 |
_c43508 _d43508 |
||